• 首页
  • 本馆介绍
  • 公告通知
  • 最新文献
  • 馆藏检索
  • 电子资源
  • 读者导购
  • 参考咨询
  • 我的图书馆
  • 登录
  • 详细信息显示
  • 放入我的书架
  • 预约/预借图书
  • 作者相关作品
  • 分类相关作品
  • 丛书相关作品
  • 出版社相关作品

书目信息

  • 表格格式
  • 工作单格式
  • 卡片格式
题名:
中医体表疗法妙治百病
    
 
作者: 王启才 主编 ;王成生 , 刘红石 , 黄晔 编著
分册:  
出版信息: 上海   上海科学技术文献出版社  2005
页数: 553页
开本: 21cm
丛书名:
单 册:
中图分类: R242
科图分类:
主题词: 常见病--中医疗法--外治法 , 中医治疗学
电子资源:
ISBN: 7-5439-2481-1
000 00975nam0 2200289 45
001 060000033864
005 20051231101000.70
010    @a7-5439-2481-1@dCNY28.00
092    @aCN
100    @a20050623d2005 ekmy0chiy0120 ea
101 0  @achi
102    @aCN@b310000
105    @aa z 000yy
200 1  @a中医体表疗法妙治百病@9zhong yi ti biao liao fa miao zhi bai bing@f王启才主编@Fwang qi cai zhu bian@g黄晔,王成生,刘红石编著
210    @a上海@c上海科学技术文献出版社@d2005
215    @a553页@c图@d21cm
330    @a本书中共介绍了指压、推拿、足疗、刮痧、皮肤针、三棱针、炙法、拔罐等8种疗法,它们具有简便易行、疗效可靠的特点。
606 0  @a常见病@x中医疗法@x外治法
606 0  @a中医治疗学
690    @aR242@v4
701  0 @a王启才@Awang qi cai@4主编
702  0 @a王成生@9wang cheng sheng@4编著
702  0 @a刘红石@9liu hong shi@4编著
702  0 @a黄晔@9huang ye@4编著
801  0 @aCN@bCXYBOOK@c20051231
905    @a10447@dR242@e133
999    @aWJ@eDF
    
    中医体表疗法妙治百病/王启才主编/黄晔,王成生,刘红石编著.-上海:上海科学技术文献出版社,2005
    553页:图;21cm
    
    
    ISBN 7-5439-2481-1:CNY28.00
    本书中共介绍了指压、推拿、足疗、刮痧、皮肤针、三棱针、炙法、拔罐等8种疗法,它们具有简便易行、疗效可靠的特点。
●
相关链接 在E读中查询图书 在五车中查询图书 在当当中查询图书 在豆瓣中查询图书


正题名:中医体表疗法妙治百病     索取号:R242/133         预约/预借

序号 登录号 条形码 馆藏地/架位号 状态 备注
1 0373287   203732871   第二样本阅览室/ [索取号:R242/133] 在馆    
2 0373288   203732880   第三借阅区/ [索取号:R242/133] 在馆    
3 0373289   203732899   第三借阅区/ [索取号:R242/133] 在馆    
4 0373290   203732906   第三借阅区/ [索取号:R242/133] 在馆    
5 0373291   203732915   第三借阅区/ [索取号:R242/133] 在馆    
唐山师范学院图书馆 欢迎您!
大连网信软件有限公司© 版权所有